000 02618nam0a2200373 4500
001 RU\NLR\bibl\1713311
005 20250616065619.0
010 _a978-5-9532-0755-3
_9500
021 _aRU
_b2010-89416
_96004
035 _a(NLR Aleph) 001704328
090 _a1240247
_c1240247
100 _a20101213d2010 |||y0rusy50 ca
101 0 _arus
102 _aRU
105 _aa |||||||||
200 1 _aИнтенсификация производства говядины при использовании генетических ресурсов красного степного скота
_eучебное пособие
_eдля студентов высших учебных заведений обучающихся по специальности 110305 - Технология производства и переработки сельскохозяйственной продукции, 110401 - Зоотехния
_fВ.И. Косилов, С.И. Мироненко, Е.А. Никонова
_gМ-во сел.-хоз-ва Рос. Федерации, Федерал. гос. образоват. учреждение высш. проф. образования "Оренбург. гос. аграр. ун-т"
210 _aМосква
_cКолосС
_d2010
215 _a450 с.
_cил.
_d22
300 _aВ вып. дан. авт.: Косилов В.И. - д.с.-х.н., проф., Мироненко С.И., Никонова Е.А. - кандидаты с.-х. наук
320 _aБиблиогр.: с. 417-447 (456 назв.)
606 1 _aКрасный степной скот
_jУчебные издания для высших учебных заведений
_xГенетические ресурсы
_92609890
_3RU\NLR\auth\661546448
606 1 _aКрасный степной скот
_jУчебные издания для высших учебных заведений
_xМясная продуктивность
_xПовышение
_xИнтенсивные технологии
_92609891
_3RU\NLR\auth\661546449
686 _aП603.9красный степной-338
686 _aП603.9красный степной-6
700 1 _aКосилов
_bВ. И.
_gВладимир Иванович
_4070
701 1 _aМироненко
_bС. И.
_gСергей Иванович
_4070
701 1 _4070
_aНиконова
_bЕ. А.
_cканд. с.-х. наук
_gЕлена Анатольевна
_9149092
_3RU\NLR\AUTH\770149128
801 0 _aRU
_bNLR
_c20101213
_gRCR
801 1 _aRU
_bNLR
_c20101213
830 _aавт7 по кн.
942 _cBOOK
980 _aNB